| 000 | 00349nam a2200133Ia 4500 | ||
|---|---|---|---|
| 008 | 150202s9999 xx 000 0 und d | ||
| 020 | _a1551665859 | ||
| 050 |
_aFIC _bFIC |
||
| 100 | _aPlamer, Diana. | ||
| 245 |
_aFit for a king / _cDiana Plamer. |
||
| 260 |
_aCanada : _bMira Books, _c1987. |
||
| 300 |
_a248 pages : _c18 cm. |
||
| 650 | _aFiction. | ||
| 999 |
_c282280 _d282280 |
||